=LDR 00000nam 2200000 4500 =001 INLIS000000000008992 =005 20130612100821 =008 ***********************************Ind** =035 ##$$0010-061300000008992 =041 ##$$a Ind =082 ##$$a 346.07 =245 ##$$a Kitab Undang-undang hukum dagang dan Undang-undang kepailitan, R. Subekti =260 ##$$a 2000 $b Jakarta =300 ##$$a 291hlm. ; 21 cm =650 ##$$a Hukum Dagang =700 ##$$a Subekti, R =850 ##$$a NBPNMAT